| 000 | 00000nam 2200000zi 4500 |
| 001 | 9.947437 |
| 003 | CaOODSP |
| 005 | 20250128105128 |
| 006 | m o d f |
| 007 | cr mn||||||||| |
| 008 | 250128t19911992oncabd o f000 0 eng d |
| 020 | |z0662198824 |
| 040 | |aCaOODSP|beng|erda|cCaOODSP |
| 043 | |an-cn---|an-cn-pi|an-cn-nf |
| 086 | 1 |aZ1-1989/1-41-9E-PDF|zZ1-1989/1-41-9E |
| 245 | 00|aCanadian ferry costs and industry analysis / |cGeoplan Consultants Inc. |
| 264 | 1|a[Ottawa] : |b[Royal Commission on National Passenger Transportation], |cDecember 1991. |
| 264 | 4|c©1992 |
| 300 | |a1 online resource (iii, 104 pages, 12 unnumbered pages) : |bmaps, graph, illustration |
| 336 | |atext|btxt|2rdacontent |
| 337 | |acomputer|bc|2rdamedia |
| 338 | |aonline resource|bcr|2rdacarrier |
| 500 | |aIssued also in French under title: Étude de l'industrie des traversiers au Canada. |
| 500 | |a"Report Prepared for the Research Division, Royal Commission on National Passenger Transportation." |
| 500 | |a"RR-09." |
| 500 | |aDigitized edition from print [produced by Government of Canada Publications Directorate]. |
| 650 | 0|aFerries|zCanada|xCosts. |
| 650 | 0|aFerries|zPrince Edward Island|xCosts. |
| 650 | 0|aFerries|zNewfoundland and Labrador|xCosts. |
| 710 | 1 |aCanada. |bRoyal Commission on National Passenger Transportation. |bResearch Division, |eissuing body. |
| 710 | 2 |aGeoplan Consultants, |econsultant. |
| 775 | 08|tÉtude de l'industrie des traversiers au Canada / |w(CaOODSP)9.947440 |
| 856 | 40|qPDF|s6.18 MB|uhttps://publications.gc.ca/collections/collection_2025/bcp-pco/Z1-1989-1-41-9-eng.pdf |